| 000 | 00749nam a2200241 4500 | ||
|---|---|---|---|
| 003 | OSt | ||
| 005 | 20260423062144.0 | ||
| 006 | a | ||
| 008 | 240704b |||||||| |||| 00| 0 eng d | ||
| 020 | _a9780971576629 | ||
| 040 |
_aDWCL-Main lib. _cOC |
||
| 082 | _aCirc. 515.9 T262 2006 | ||
| 110 | _aJohn H. Hubbard | ||
| 245 | _aTeichmuller theory and applications to geometry, topology, and dynamics / | ||
| 260 |
_aN.Y.: _bMatrix Editions, _cc2006. |
||
| 300 |
_axx, _b459 p.: ill.; _c24cm. |
||
| 504 | _aIncludes bibliographical references and index. | ||
| 650 | _a1. Teichmuller spaces. | ||
| 650 | _a2. Reimann surfaces. | ||
| 650 | _a3. Homeomorphisms. | ||
| 650 | _a4. Three-manifolds (topology). | ||
| 942 |
_2ddc _n0 _cBK-CIRC _kCirc. |
||
| 999 |
_c1949 _d1949 |
||